Normal view MARC view
  • South Asia

Entry Geographic Name

Number of records used in: 4

001 - CONTROL NUMBER

  • control field: 7159

003 - CONTROL NUMBER IDENTIFIER

  • control field: NUST

005 - DATE AND TIME OF LATEST TRANSACTION

  • control field: 20171211165303.0

008 - FIXED-LENGTH DATA ELEMENTS

  • fixed length control field: 171211|| aca||aabn | a|a d

040 ## - CATALOGING SOURCE

  • Original cataloging agency: NUST
  • Transcribing agency: NUST

151 ## - HEADING--GEOGRAPHIC NAME

  • Geographic name: South Asia
  • General subdivision: Social policy
  • Form subdivision: Congresses.

670 ## - SOURCE DATA FOUND

  • Source citation: Work cat.: (NUST)0: Sustainable Development Conference (Sustainable Development Policy Institute) (17th : 2014 : Islāmābad, Pakistan) 7155, Pathways to sustainable development /
© 2023 Central Library, National University of Sciences and Technology. All Rights Reserved.